Olympic Codes - Statistics

General Stats
  • This quiz has been taken 20 times
  • The average score is 16 of 20
Answer Stats
Code Country % Correct
ARG Argentina
100%
AUS Australia
100%
BRA Brazil
100%
CAN Canada
100%
FRA France
100%
ESP Spain
100%
ANT Antigua and Barbuda
95%
GBR Great Britain
95%
MEX Mexico
95%
RUS Russia
95%
USA United States
95%
NED Netherlands
89%
PNG Papua New Guinea
68%
RSA South Africa
68%
BIH Bosnia and Herzegovina
63%
CIV Côte d'Ivoire
63%
BDI Burundi
58%
CAF Central African Republic
58%
IRI Iran
58%
TLS East Timor
21%
No matching quizzes found
Score Distribution
Percent of People with Each Score
Percentile by Number Answered
Your Score History
You have not taken this quiz